Geografické informačné systémy v poisťovníctve

Pre poisťovne je veľmi dôležité riadenie rizík. Obraz o rizikách v danom regióne môžu získať z geografického informačného systému. Tento systém obsahuje informácie, ktoré na prvý pohľad ani nemusia súvisieť, ale napriek tomu dokáže pomôcť pri ohodnocovaní rizík. Svoje uplatnenie si však nachádza aj...

Descrizione completa

Salvato in:
Dettagli Bibliografici
Autore principale: Marko, Peter
Natura: Capitolo di libro
Lingua:slovacco
Soggetti:
Tags: Aggiungi Tag
Nessun Tag, puoi essere il primo ad aggiungerne!!

MARC

LEADER 00000nla$a2200000$$$4500
001 0090751
005 20240502072020.0
041 0 |a slo 
044 |a SK 
245 1 0 |a Geografické informačné systémy v poisťovníctve  |c Peter Marko 
520 |a Pre poisťovne je veľmi dôležité riadenie rizík. Obraz o rizikách v danom regióne môžu získať z geografického informačného systému. Tento systém obsahuje informácie, ktoré na prvý pohľad ani nemusia súvisieť, ale napriek tomu dokáže pomôcť pri ohodnocovaní rizík. Svoje uplatnenie si však nachádza aj pri manažmente škôd, pri predchádzaní poistným podvodom, pri vývoji a predaji produktov a v ďalších oblastiach. 
610 2 0 |a systémy informačné 
610 2 0 |a poisťovníctvo 
610 2 0 |a riziko poistné 
610 2 0 |a riadenie rizík 
100 1 |a Marko, Peter